Greenland Immigration by Country - Statistics

General Stats
  • This quiz has been taken 184 times
  • The average score is 7 of 10
Answer Stats
# Country % Correct
49 United States
100%
86 Sweden
99%
81 Norway
98%
131 Iceland
88%
68 Germany
86%
68 China
78%
141 Poland
67%
884 Philippines
41%
347 Thailand
34%
125 Sri Lanka
12%
No matching quizzes found
Score Distribution
Percent of People with Each Score
Percentile by Number Answered
Your Score History
You have not taken this quiz